Statistics for Name a Valid Answer - Music

Click here to take the quiz!

General Stats

  • This quiz has been taken 25,453 times
  • The average score is 12 of 18

Answer Stats

HintAnswer% Correct
A female singer with at least four #1 hits in the 1990sMariah Carey | Madonna |
Whitney Houston | Janet Jackson
91%
Famous rock or pop musician who died at age 27Brian Jones | Jimi Hendrix | Janis Joplin |
Jim Morrison | Kurt Cobain | Amy Winehouse
85%
Three largest music streaming services by # of usersApple Music | Spotify | Pandora Radio
84%
First name that appears in the title of a Beatles songEleanor | Jude | Julia | Lucy | Martha |
Maxwell | Michelle | Prudence | Robert |
Rocky | Rita | Sadie | others ...
82%
Well-known musical genre that originated
on a Caribbean island
Calypso | Mambo | Merengue | Reggae |
Rumba | Ska | others...
78%
First names of father/son singers IglesiasJulio | Enrique
78%
Non-European country that has competed in EurovisionArmenia | Australia | Azerbaijan | Cyprus |
Georgia | Israel | Morocco | Turkey
75%
Vocal rangeSoprano | Mezzo-soprano | Contralto |
Tenor | Baritone | Bass
75%
Current or former member of One DirectionNiall Horan | Liam Payne | Harry Styles |
Louis Tomlinson | Zayn Malik
74%
Double reed woodwind instrument in a
modern symphony orchestra
Bassoon | Contrabassoon | English Horn | Oboe
68%
City that has a type of blues music named after itChicago | Detroit | Kansas City | Memphis | St. Louis
61%
One of the three cities with the most opera performancesLondon | Dresden | Vienna
61%
Grammy winner for best Metal performance,
not counting Metallica
Nine Inch Nails | Tool | Black Sabbath |
Korn | Motörhead | Slayer | Judas Priest |
Iron Maiden | Megadeth | others...
56%
Musical act who recorded a top 40 U.S. hit entitled "Crazy"Aerosmith | Gnarls Barkley | K-Ci & JoJo |
Patsy Cline | Seal | Icehouse
52%
Member of the Jackson Five, other than MichaelJackie | Jermaine | Marlon | Randy | Tito
50%
Rapper (loosely-defined) who starred in a movie
grossing at least $300 million worldwide
Will Smith | Ludacris | Queen Latifah |
Mark Wahlberg | Donald Glover | Ice Cube
49%
Kanye West albumThe College Dropout | Late Registration | Graduation |
Yeezus | The Life of Pablo | others ...
48%
A band or solo artist in the Rock and Roll Hall of Fame
that came from Michigan
Alice Cooper | Eminem | Madonna | The Stooges |
Bob Seger | Stevie Wonder | The Supremes |
Aretha Franklin | The Temptations |
The Four Tops | Smoky Robinson | others...
26%

Score Distribution

Percentile by Number Answered

Percent of People with Each Score

Your Score History

You have not taken this quiz